• 首页
  • 本馆介绍
  • 公告通知
  • 最新文献
  • 馆藏检索
  • 电子资源
  • 读者导购
  • 参考咨询
  • 我的图书馆
  • 登录
  • 详细信息显示
  • 放入我的书架
  • 预约/预借图书
  • 作者相关作品
  • 分类相关作品
  • 丛书相关作品
  • 出版社相关作品

书目信息

  • 表格格式
  • 工作单格式
  • 卡片格式
题名:
服装市场营销
    
 
作者: 王鸿霖 主编
分册:  
出版信息: 北京   北京理工大学出版社有限责任公司  2020.01
页数: 273页
开本: 26cm
丛书名:
单 册:
中图分类: F768.3
科图分类:
主题词: 服装--市场营销学
电子资源:
ISBN: 978-7-5682-7936-9
000 01010nam0 2200253 450
001 0120202973260
005 20201019155748.20
010    @a978-7-5682-7936-9@dCNY69.00
100    @a20200407d2020 em y0chiy50 ea
101 0  @achi
102    @aCN@b110000
105    @aa z 000yy
106    @ar
200 1  @a服装市场营销@9fu zhuang shi chang ying xiao@b专著@f王鸿霖主编
205    @a2版
210    @a北京@c北京理工大学出版社有限责任公司@d2020.01
215    @a273页@c图@d26cm
330    @a本书从服装市场营销概述开始,阐述了服装商品、营销环境、消费行为的基本理论,通过市场调研与预测着力论述了服装市场营销中的产品、价格、渠道、促销、权力及公共关系六个方面,介绍了服装网络营销和营销人员的素质拓展训练部分,力求体系完整、层次分明。
333    @a本书可作为高等院校服装专业教材,也可供服装企业技术人员、短期培训等服装行业有关人员使用
606 0  @a服装@x市场营销学
690    @aF768.3@v5
701  0 @a王鸿霖@9wang hong lin@4主编
801  0 @aCN@b人天书店@c20200407
905    @b1290895-98@dF768.3@e67=2@f4
    
    服装市场营销/王鸿霖主编.-2版.-北京:北京理工大学出版社有限责任公司,2020.01
    273页:图;26cm
    使用对象:本书可作为高等院校服装专业教材,也可供服装企业技术人员、短期培训等服装行业有关人员使用
    
    ISBN 978-7-5682-7936-9:CNY69.00
    本书从服装市场营销概述开始,阐述了服装商品、营销环境、消费行为的基本理论,通过市场调研与预测着力论述了服装市场营销中的产品、价格、渠道、促销、权力及公共关系六个方面,介绍了服装网络营销和营销人员的素质拓展训练部分,力求体系完整、层次分明。
●
相关链接 在E读中查询图书 在五车中查询图书 在当当中查询图书 在豆瓣中查询图书


正题名:服装市场营销     索取号:F768.3/67=2         预约/预借

序号 登录号 条形码 馆藏地/架位号 状态 备注
1 1290895   212908950   第一样本阅览室/ [索取号:F768.3/67=2] 在馆    
2 1290896   212908969   第一借阅区/ [索取号:F768.3/67=2] 在馆    
3 1290897   212908978   第一借阅区/ [索取号:F768.3/67=2] 在馆    
4 1290898   212908987   第一借阅区/ [索取号:F768.3/67=2] 在馆    
唐山师范学院图书馆 欢迎您!
大连网信软件有限公司© 版权所有